| 000 | 00771nam a2200229 a 4500 | ||
|---|---|---|---|
| 001 | 20834 | ||
| 003 | BD-RjUL | ||
| 005 | 20211209000622.0 | ||
| 008 | 140302s1950 nyu b 001 0 eng d | ||
| 035 | _a(BD-RjUL)20896 | ||
| 040 |
_aDLC _beng _cDLC _dBD-RjUL |
||
| 041 | _aeng | ||
| 082 | 0 | 4 |
_219 _a848.509 _bLOD 1950 |
| 100 | 1 |
_aLoy, John Robert. _964351 |
|
| 245 | 1 | 0 |
_aDiderot's determined fatalist : _ba critical appreciation of Jacques le fataliste / _cJohn Robert Loy. |
| 260 |
_aNew York : _bKing's Crown Press, _c1950. |
||
| 300 |
_aix, 234 p. ; _c21 cm. |
||
| 504 | _aBibliography: p. [223]-230 and index. | ||
| 600 | 1 | 0 |
_aDiderot, Denis, _d1713-1784. _964352 |
| 650 |
_aDiderot, Denis, _xJacques le fataliste et son maƮtre. _y1713-1784. _964353 |
||
| 942 |
_2ddc _cBK |
||
| 999 |
_c20834 _d20834 |
||